LEADER 01377nam a2200301 u 4500 001 000000036826 003 CaOOAMICUS 005 20070226112737.0 008 980330s1988 it u000 u ita u 020 $a8838419485 035 $a10788155 040 $aPUL(R)$bita 100 1 $aMorgante, Marcello,$cvesc.,$d1915-$0(OLS)http://pul/name/27208 245 13$aIl concordato tra la Santa Sede e la repubblica italiana nella revisione del 18 febbraio 1984 /$cMarcello Morgante ; con prefazione di S.E. Cesare Mirabelli. 260 $aCinisello Balsamo :$bed. Paoline,$c1988. 300 $a351 p. ;$c21 cm 500 $aContiene indici. 504 $aBibliografia in nota. 650 4$aDiritto concordatario.$0(OLS)http://pul/subject/2274 650 4$aConcordati$zItalia$y1929$xRevisione.$0(OLS)http://pul/subject/962 700 1 $aMirabelli, Cesare.$0(OLS)http://pul/name/26937 850 $aPUL 852 $aPUL$W1$xSL Diritto Canonico 1$y5$m149 F 66$j50436$nBK-PRI$b $qStampati$B50436$CPULBib$Z2$F50436 $H $81 941 1 $a8 961 $aINV: 71013 996 $6020$a8838419485$9(OLS)http://pul/number/44792 996 $6245$aIl concordato tra la Santa Sede e la repubblica italiana nella revisione del 18 febbraio 1984$9(OLS)http://pul/title/50254 996 $6260$aCinisello Balsamo :$bed. Paoline$9(OLS)http://pul/publisher/63099 LEADER 01328nam a2200313 a 4500 001 000000124684 003 CaOOAMICUS 005 20110310164218.0 008 110310s2002 it u000 u ita r 020 $a88-7115-225-5 040 $aPUL$bita 082 04$a193 100 1 $aCortella, Lucio,$d1953-$0(OLS)http://pul/name/78742 245 10$aAutocritica del moderno :$bsaggi su Hegel /$cLucio Cortella. 260 $aPadova :$bIl Poligrafo,$c©2002. 300 $a302 p. ;$c21 cm 490 1 $aRicerche. Collana della Facoltą di Lettere e Filosofia dell'Universitą di Venezia ;$v23 500 $aInclude indice. 504 $aBibliografia: p. 289-300. 600 14$aHegel, Georg Wilhelm Friedrich,$d1770-1831$xCritica e interpretazione.$0(OLS)http://pul/subject/149 830 0$aRicerche (Il Poligrafo) ;$v23.$0(OLS)http://pul/title/157164 850 $aPUL 852 $aPUL$W1$xSL Filosofia 3$y81$m193 CORLU 1$j143570$qDDC 21$B142601$CPULBib$Z2$F142601 $H116047 $82 941 1 $a9 996 $6020$a88-7115-225-5$9(OLS)http://pul/number/146672 996 $6082$a193$9(OLS)http://pul/classification/412 996 $6245$aAutocritica del moderno :$bsaggi su Hegel$9(OLS)http://pul/title/157163 996 $6260$aPadova :$bIl Poligrafo$9(OLS)http://pul/publisher/70506 LEADER 01685nam a2200361 u 4500 001 000000053502 003 CaOOAMICUS 005 20070226115552.0 008 001116s2000 it u000 u spa u 020 $a8872570417 035 $a10861457 040 $aPUL$bita 100 1 $aOppes, Stephane,$cO.F.M.,$d1967-$0(OLS)http://pul/name/38075 245 10$aDalla intuizione-espressione alla parola :$bla filosofia del linguaggio nel primo Novecento italiano /$cStephane Oppes. 260 $aRoma :$bPontificium Athenaeum Antonianum,$c2000. 300 $a263 p. ;$c24 cm 490 1 $aStudia Antoniana ;$v42 502 $aDiss. -- Pontificio Ateneo antoniano, 2000. 504 $a"Bibliografia": p. [247]-258. 600 14$aCroce, Benedetto,$d1866-1952.$0(OLS)http://pul/subject/1894 650 4$aFilosofia del linguaggio.$0(OLS)http://pul/subject/8316 650 4$aErmeneutica.$0(OLS)http://pul/subject/438 710 2 $aPontificio Ateneo antoniano (Roma).$0(OLS)http://pul/name/1801 830 0$aStudia Antoniana ;$v42.$0(OLS)http://pul/title/3417 850 $aPUL 852 $aPUL$W1$xDP1 Tesi Pon. At. Antonianum$y30$mTH ANT PH111$j70582$nBK-PRI$b $qTesi$B70582$CPULBib$Z2$F70582 $H82940 $81 941 1 $a16 960 $aLinguaggio$xFilosofia$98316 960 $aLinguaggio e filosofia$98316 960 $aLinguaggio e pensiero$98316 996 $6020$a8872570417$9(OLS)http://pul/number/67424 996 $6245$aDalla intuizione-espressione alla parola :$bla filosofia del linguaggio nel primo Novecento italiano$9(OLS)http://pul/title/71774 996 $6260$aRoma :$bPontificium Athenaeum Antonianum$9(OLS)http://pul/publisher/58408 LEADER 01111nam a2200253 u 4500 001 000000046599 003 CaOOAMICUS 005 20070226114806.0 008 990715s1981 it u000 u ita u 035 $a10829793 040 $aPUL(R)$bita 100 1 $aConcetti, Gino,$cO.F.M.$0(OLS)http://pul/name/8981 245 13$aIl diritto alla vita :$balternative all'aborto /$cGino Concetti ; con i testi del magistero ecclesiastico coordinati per temi ed i contributi originali di Bonifacio Honings ... [et al.]. 260 $aRoma :$bLogos,$cc1983. 300 $a201 p. ;$c23 cm 650 4$aAborto.$0(OLS)http://pul/subject/6488 650 4$aDiritto alla vita.$0(OLS)http://pul/subject/3390 700 1 $aHonings, Bonifacio.$0(OLS)http://pul/name/22932 850 $aPUL 852 $aPUL$W1$xSL Religione 1$y3$m39 B 67$j62426$nBK-PRI$b $qStampati$B62426$CPULBib$Z2$F62426 $H $81 941 1 $a8 961 $aINV: 53699 996 $6245$aIl diritto alla vita :$balternative all'aborto$9(OLS)http://pul/title/62739 996 $6260$aRoma :$bLogos$9(OLS)http://pul/publisher/52093 LEADER 00938nam a2200241 u 4500 001 000000047061 003 CaOOAMICUS 005 20070226114837.0 008 990728s1966 it u000 u ita u 035 $a10831108 040 $aPUL(R)$bita 100 1 $aCavalletti, Sofia.$0(OLS)http://pul/name/16970 245 10$aEbraismo e spiritualitą cristiana /$cSofia Cavalletti. 260 $aRoma :$bStudium,$cc1966. 300 $a201 p. ;$c19 cm 504 $aBibliografia in nota. 650 4$aSpiritualitą ebraica.$0(OLS)http://pul/subject/19879 650 4$aSpiritualitą cristiana.$0(OLS)http://pul/subject/13929 850 $aPUL 852 $aPUL$W1$xSL Religione 1$y3$m41 D 58$j62949$nBK-PRI$b $qStampati$B62949$CPULBib$Z2$F62949 $H $81 941 1 $a8 996 $6245$aEbraismo e spiritualitą cristiana$9(OLS)http://pul/title/63346 996 $6260$aRoma :$bStudium$9(OLS)http://pul/publisher/47892